All Eminem's discography - Statistics

General Stats
  • This quiz has been taken 232 times
    126 since last reset
  • The average score is 115 of 348
Answer Stats
Albums Morceaux % Correct
8 Mile Original Soundtrack Lose Yourself
84%
The Eminem Show Without Me
84%
The Marshall Mathers LP2 Rap God
81%
The Marshall Mathers LP The Real Slim Shady
81%
The Slim Shady LP My Name Is
78%
The Marshall Mathers LP Stan
78%
Music To Be Murdered By Godzilla
75%
Infinite Infinite
75%
The Eminem Show Superman
75%
Kamikaze Kamikaze
72%
8 Mile Original Soundtrack 8 Mile
69%
The Eminem Show Cleanin' Out My Closet
69%
Music To Be Murdered By Marsh
69%
The Marshall Mathers LP Marshall Mathers
69%
Encore | Kamikaze | Relapse | +2 others Paul (Skit)
69%
The Eminem Show White America
69%
The Death of Slim Shady (Coup De Grâce) Houdini
66%
Curtain Call: The Hits Intro (Curtain Call)
66%
Kamikaze Venom
66%
The Eminem Show Business
63%
Curtain Call: The Hits FACK
63%
Recovery Love The Way You Lie
63%
The Eminem Show Till' I Collapse
63%
The Death of Slim Shady (Coup De Grâce) Fuel
59%
The Death of Slim Shady (Coup De Grâce) Fuel (Shady Edition)
59%
The Eminem Show Hailie's Song
59%
The Slim Shady EP Intro (Slim Shady)
59%
Encore Just Lose It
59%
The Marshall Mathers LP Kim
59%
Encore Mockingbird
59%
D-12 World My Band
59%
The Eminem Show My Dad's Gone Crazy
59%
The Eminem Show Sing For The Moment
59%
The Marshall Mathers LP2 The Monster
59%
The Slim Shady LP '97 Bonnie & Clyde
56%
D-12 World Bitch
56%
The Slim Shady LP Bitch (Skit)
56%
Encore Encore (Curtains Down)
56%
The Slim Shady LP Guilty Conscience
56%
Singlе Killshot
56%
Revival River
56%
Curtain Call: The Hits Shake That
56%
Curtain Call: The Hits When I'm Gone
56%
Relapse 3 a.m.
53%
The Marshall Mathers LP Criminal
53%
The Marshall Mathers LP Kill You
53%
Recovery Not Afraid
53%
8 Mile Original Soundtrack Rabbit Run
53%
The Eminem Show Soldier
53%
The Death of Slim Shady (Coup De Grâce) Antichrist
50%
Encore Ass Like That
50%
The Marshall Mathers LP2 Bad Guy
50%
Relapse Beautiful
50%
The Marshall Mathers LP Bitch Please II
50%
The Marshall Mathers LP Drug Ballad
50%
The Death of Slim Shady (Coup De Grâce) Evil
50%
Encore Like Toy Soldiers
50%
Kamikaze Lucky You
50%
Kamikaze Not Alike
50%
Encore Puke
50%
Devil's Night Purple Pills
50%
The Eminem Show When The Music Stops
50%
The Slim Shady LP Bad Meets Evil
47%
Encore Curtains Up
47%
The Eminem Show Curtains Up (Skit)
47%
The Death of Slim Shady (Coup De Grâce) Guilty Conscience 2
47%
Relapse My Mom
47%
The Marshall Mathers LP Remember Me?
47%
The Slim Shady LP Role Model
47%
The Eminem Show Say What You Say
47%
The Eminem Show Square Dance
47%
Devil's Night | Relapse | The Eminem Show | The Marshall Mathers LP Steve Berman (Skit)
47%
The Death of Slim Shady (Coup De Grâce) Steve Berman (skit)
47%
Kamikaze The Ringer
47%
The Marshall Mathers LP The Way I Am
47%
The Marshall Mathers LP Under The Influence
47%
Relapse We Made You
47%
Music To Be Murdered By Alfred (Interlude)
44%
Music To Be Murdered By - Side B Alfred (Intro)
44%
Music To Be Murdered By Alfred (Outro)
44%
Revival Arose
44%
The Marshall Mathers LP2 Berzerk
44%
Revival Castle
44%
Kamikaze Good Guy
44%
Relapse Insane
44%
The Marshall Mathers LP2 Love Game
44%
Relapse: Refill Music Box
44%
Kamikaze Normal
44%
The Slim Shady LP Rock Bottom
44%
The Eminem Show Say Goodbye Hollywood
44%
The Slim Shady LP Still Don't Give A Fuck
44%
Encore Big Weenie
41%
The Slim Shady LP Brain Damage
41%
The Death of Slim Shady (Coup De Grâce) Brand New Dance
41%
Relapse Crack A Bottle
41%
Relapse: Refill Elevator
41%
The Death of Slim Shady (Coup De Grâce) Habits
41%
The Marshall Mathers LP2 Headlights
41%
Relapse Hello
41%
The Marshall Mathers LP I'm Back
41%
The Eminem Show Jimmy, Brian and Mike
41%
The Slim Shady LP Just Don't Give A Fuck
41%
The Marshall Mathers LP | The Slim Shady LP Ken Kaniff (Skit)
41%
The Slim Shady LP My Fault
41%
Kamikaze Nice Guy
41%
Encore One Shot 2 Shot
41%
The Slim Shady LP Public Service Announcement
41%
Encore Rain Man
41%
The Death of Slim Shady (Coup De Grâce) Renaissance
41%
Kamikaze Stepping Stone
41%
The Death of Slim Shady (Coup De Grâce) Temporary
41%
Relapse Underground
41%
Revival Walk On Water
41%
Infinite 313
38%
The Marshall Mathers LP Amityville
38%
Relapse: Refill Careful What You Wish For
38%
Revival Chloraseptic
38%
Remix Chloraseptic (Remix)
38%
Recovery Cinderella Man
38%
The Eminem Show Curtains Close (Skit)
38%
Relapse Deja Vu
38%
The Eminem Show Drips
38%
Kamikaze Fall
38%
Kamikaze Greatest
38%
The Death of Slim Shady (Coup De Grâce) Head Honcho
38%
The Slim Shady LP If I Had
38%
The Death of Slim Shady (Coup De Grâce) Lucifer
38%
Relapse Medicine Ball
38%
Encore Mosh
38%
Relapse: Refill My Darling
38%
Recovery No Love
38%
Relapse Old Time's Sake
38%
The Marshall Mathers LP Public Service Announcement 2000
38%
The Death of Slim Shady (Coup De Grâce) Somebody Save Me
38%
Recovery Space Bound
38%
8 Mile Original Soundtrack Stimulate
38%
The Marshall Mathers LP2 Survival
38%
The Death of Slim Shady (Coup De Grâce) Tobey
38%
Music To Be Murdered By - Side B Alfred's Theme
34%
The Marshall Mathers LP2 Asshole
34%
The Death of Slim Shady (Coup De Grâce) Bad One
34%
Relapse Bagpipes From Baghdad
34%
Relapse: Refill Buffalo Bill
34%
The Eminem Show Bump Heads
34%
Recovery Cold Wind Blows
34%
Encore Crazy In Love
34%
The Slim Shady LP Cum On Everybody
34%
Encore | Kamikaze Em Calls Paul (Skit)
34%
Encore Evil Deeds
34%
Encore Love You More
34%
Relapse Mr. Mathers (Skit)
34%
Relapse Must Be The Ganja
34%
Encore My 1st Single
34%
Eminem Presents: The Re-Up No Apologies
34%
The Marshall Mathers LP2 Parking Lot (Skit)
34%
The Death of Slim Shady (Coup De Grâce) Road Rage
34%
Relapse Same Song & Dance
34%
The Marshall Mathers LP2 So Much Better
34%
The Eminem Show The Kiss (Skit)
34%
Relapse: Refill Drop The Bomb On 'Em
31%
Devil's Night Girls
31%
Music To Be Murdered By - Side B Gnat
31%
The Slim Shady LP I'm Shady
31%
Eminem Presents: The Re-Up Jimmy Crack Corn
31%
Southpaw Original Soundtrack Kings Never Die
31%
Encore Never Enough
31%
The Eminem Show Paul Rosenberg
31%
The Marshall Mathers LP2 Rhyme Or Reason
31%
Recovery So Bad
31%
Relapse Stay Wide Awake
31%
Eminem Presents: The Re-Up The Re-Up
31%
Infinite Tonite
31%
Relapse Tonya (Skit)
31%
Recovery Untitled
31%
The Marshall Mathers LP Who Knew
31%
The Slim Shady LP As The World Turns
28%
The Marshall Mathers LP2 Beautiful Pain
28%
Revival Believe
28%
Relapse Dr. West (Skit)
28%
The Marshall Mathers LP2 Evil Twin
28%
Relapse: Refill Hell Breaks Loose
28%
Recovery Ridaz
28%
SHADYXV ShadyXV
28%
Relapse: Refill Taking My Ball
28%
Revival Untouchable
28%
Encore We As Americans
28%
The Marshall Mathers LP2 Wicked Ways
28%
Recovery W.T.P.
28%
Music To Be Murdered By Yah Yah
28%
Encore Yellow Brick Road
28%
Recovery 25 To Life
25%
Devil's Night American Psycho
25%
The Marshall Mathers LP2 Baby
25%
Revival Bad Husband
25%
Music To Be Murdered By Darkness
25%
Devil's Night Devil's Night
25%
Devil's Night Fight Music
25%
Revival Framed
25%
Curtain Call 2 From The D 2 The LBC
25%
Revival Heat
25%
Music To Be Murdered By I Will
25%
Music To Be Murdered By - Side B Killer
25%
Rеmix Killer (Remix)
25%
The Slim Shady EP Murder Murder
25%
Recovery On Fire
25%
Eminem Presents: The Re-Up Public Enemy #1
25%
Revival Remind Me
25%
Revival Remind Me (Intro)
25%
Revival Revival (Interlude)
25%
Encore Ricky Ticky Toc
25%
The Marshall Mathers LP2 So Far...
25%
Encore Spend Some Time
25%
Recovery Talkin' 2 Myself
25%
Music To Be Murdered By Unacommodating
25%
Infinite W.E.G.O. (Interlude)
25%
Recovery Won't Back Down
25%
Eminem Presents: The Re-Up You Don't Know
25%
The Death of Slim Shady (Coup De Grâce) All You Got (skit)
22%
D-12 World American Psycho II
22%
The Marshall Mathers LP2 Brainless
22%
The Death of Slim Shady (Coup De Grâce) Breaking News (skit)
22%
The Marshall Mathers LP2 Desperation
22%
Music To Be Murdered By - Side B Discombobulated
22%
The Marshall Mathers LP2 Groundhog Day
22%
SHADYXV Guts Over Fear
22%
Revival In Your Head
22%
The Slim Shady LP Lounge (Skit)
22%
The Slim Shady EP Low Down, Dirty
22%
Infinite Maxine
22%
Revival Offended
22%
Southpaw Original Soundtrack Phenomenal
22%
Music To Be Murdered By Premonition (Intro)
22%
Recovery Seduction
22%
Devil's Night Shit Can Happen
22%
The Slim Shady LP Soap (Skit)
22%
Music To Be Murdered By Those Kinda Nights
22%
Music To Be Murdered By - Side B Tone Deaf
22%
Revival Tragic Endings
22%
The Death of Slim Shady (Coup De Grâce) Trouble
22%
Music To Be Murdered By - Side B Zeus
22%
Recovery Almost Famous
19%
Infinite Backstabber
19%
Music To Be Murdered By - Side B Black Magic
19%
D-12 World D-12 World
19%
SHADYXV Detroit Vs. Everybody
19%
The Marshall Mathers LP2 Don't Front
19%
The Slim Shady LP Get You Mad
19%
Recovery Going Through Changes
19%
D-12 World How Come
19%
Curtain Call 2 Is This Love ('09)
19%
Infinite It's O.K.
19%
Infinite Jealousy Woes II
19%
The Marshall Mathers LP2 Legacy
19%
Revival Like Home
19%
The Death of Slim Shady (Coup De Grâce) Like My Shit
19%
The Slim Shady EP No One's Iller
19%
Revival Nowhere Fast
19%
Devil's Night Pistol Pistol
19%
Eminem Presents: The Re-Up Shady Narcotics
19%
The Marshall Mathers LP2 Stronger Than I Was
19%
Elvis Original Soundtrack The King and I
19%
Eminem Presents: The Re-Up We're Back
19%
Recovery You're Never Over
19%
Devil's Night Another Public Service Announcement
16%
The Slim Shady LP Bad Guys Always Die
16%
Music To Be Murdered By Farewell
16%
Hell: The Sequel Fast Lane
16%
SHADYXV Fine Line
16%
The Death of Slim Shady (Coup De Grâce) Guess Who's Back (skit)
16%
Music To Be Murdered By - Side B Higher
16%
Music To Be Murdered By - Side B Key (Skit)
16%
The Death of Slim Shady (Coup De Grâce) Kyrie & Luka
16%
Hell: The Sequel Lighters
16%
Music To Be Murdered By Little Engine
16%
Music To Be Murdered By Lock It Up
16%
The Slim Shady EP Mommy (Skit)
16%
Revival Need Me
16%
Infinite Never 2 Far
16%
Music To Be Murdered By No Regrets
16%
Infinite Open Mic
16%
Devil's Night Pimp Like Me
16%
Devil's Night Revelation
16%
SHADYXV Right For Me
16%
Infinite Searchin'
16%
Devil's Night Shit On You
16%
The Eminem Show The Conspiracy Freestyle
16%
The Marshall Mathers LP The Kids
16%
Hell: The Sequel Welcome 2 Hell
16%
Devil's Night Words Are Weapons
16%
Music To Be Murdered By You Gon' Learn
16%
D-12 World 40 Oz.
13%
D-12 World 6 In The Morning
13%
SHADYXV Die Alone
13%
Hell: The Sequel Echo
13%
Encore Final Thought (Skit)
13%
Devil's Night Freestyle
13%
D-12 World Git Up
13%
Music To Be Murdered By - Side B Guns Blazing
13%
Devil's Night It Ain't Nothin' But Music
13%
Hell: The Sequel Living Proof
13%
Devil's Night Nasty MInd
13%
Music To Be Murdered By Never Love Again
13%
Devil's Night Obie Trice
13%
Recovery Session One
13%
Music To Be Murdered By - Side B She Loves Me
13%
Music To Be Murdered By Stepdad
13%
Music To Be Murdered By Stepdad (Intro)
13%
Devil's Night That's How (Skit)
13%
Hell: The Sequel Above The Law
9%
D-12 World | Devil's Night Bizarre (Skit)
9%
D-12 World Bugz 97 (Skit)
9%
Music To Be Murdered By - Side B Favorite Bitch
9%
D-12 World Get My Gun
9%
Devil's Night Instigator
9%
Music To Be Murdered By In Too Deep
9%
D-12 World Keep Talkin'
9%
D-12 World Leave Dat Boy Alone
9%
D-12 World Loyalty
9%
Hell: The Sequel The Reunion
9%
Devil's Night Blow My Buzz
6%
Music To Be Murdered By - Side B Book Of Rhymes
6%
Single Campaign Speech
6%
D-12 World Dude (Skit)
6%
D-12 World Good Die Young
6%
Hell: The Sequel I'm On Everything
6%
D-12 World Just Like U
6%
Music To Be Murdered By Leaving Heaven
6%
Hell: The Sequel Take From Me
6%
Devil's Night That's How People
6%
Devil's Night These Drugs
6%
D-12 World U R The One
6%
Hell: The Sequel A Kiss
3%
D-12 World Commercial Break
3%
D-12 World I'll Be Damned
3%
Hell: The Sequel Loud Noises
3%
D-12 World Steve's Coffee House (Skit)
3%
Music To Be Murdered By - Side B These Demons
3%
Music To Be Murdered By - Side B Thus Far (Interlude)
3%
No matching quizzes found
Score Distribution
Percent of People with Each Score
Percentile by Number Answered
Your Score History
You have not taken this quiz since the last reset